| Tag |
First Indicator |
Second Indicator |
Subfields |
| LEADER |
00000cam a2200000 i 4500 |
| 001 |
in00004033739 |
| 005 |
20180516115334.0 |
| 008 |
781006s1978 dcuabf b f000 0 eng c |
| 035 |
|
|
|a (OCoLC)ocm04271759
|
| 040 |
|
|
|a GPO
|b eng
|e rda
|c GPO
|d OCLCQ
|d OCLCF
|d OCLCQ
|d OCLCO
|d TXA
|
| 035 |
|
|
|a (OCoLC)4271759
|
| 042 |
|
|
|a pcc
|
| 043 |
|
|
|a n-us-wi
|
| 050 |
|
4 |
|a GB1399.2
|
| 074 |
|
|
|a 594-C-54
|
| 086 |
0 |
|
|a HH 10.9:W 35/4
|
| 049 |
|
|
|a TXAM
|
| 245 |
0 |
0 |
|a Flood insurance study.
|p City of Wauwatosa, Wisconsin, Milwaukee County.
|
| 246 |
3 |
0 |
|a City of Wauwatosa, Wisconsin, Milwaukee County
|
| 264 |
|
1 |
|a [Washington, D.C.] :
|b U.S. Department of Housing & Urban Development, Federal Insurance Administration,
|c [1978]
|
| 300 |
|
|
|a ii, 19 pages, 14 folded leaves of plates :
|b illustrations, map ;
|c 28 cm
|
| 336 |
|
|
|a text
|b txt
|2 rdacontent
|
| 337 |
|
|
|a unmediated
|b n
|2 rdamedia
|
| 338 |
|
|
|a volume
|b nc
|2 rdacarrier
|
| 500 |
|
|
|a Title from cover.
|
| 500 |
|
|
|a "April 1978."
|
| 500 |
|
|
|a Location map on cover.
|
| 504 |
|
|
|a Includes bibliographical references (pages 17,19).
|
| 650 |
|
0 |
|a Flood forecasting
|z Wisconsin
|z Wauwatosa.
|
| 650 |
|
0 |
|a Flood forecasting
|z Wisconsin
|z Milwaukee County.
|
| 650 |
|
0 |
|a Flood insurance
|z Wisconsin
|z Wauwatosa.
|
| 650 |
|
0 |
|a Flood insurance
|z Wisconsin
|z Milwaukee County.
|
| 650 |
|
7 |
|a Flood insurance.
|2 fast
|0 (OCoLC)fst01715819
|
| 651 |
|
0 |
|a Wauwatosa (Wis.)
|
| 651 |
|
0 |
|a Milwaukee County (Wis.)
|
| 651 |
|
7 |
|a Wisconsin
|z Wauwatosa.
|2 fast
|0 (OCoLC)fst01231719
|
| 655 |
|
7 |
|a Technical reports.
|2 lcgft
|
| 710 |
1 |
|
|a United States.
|b Federal Insurance Administration,
|e issuing body.
|
| 856 |
4 |
1 |
|z Available online at HathiTrust:
|u http://hdl.handle.net/2027/txa.ark:/81423/m33j05
|t 0
|
| 948 |
|
|
|a cataloged
|b h
|c 2018/5/16
|d c
|e spoltoratski
|f 11:53:29 am
|
| 994 |
|
|
|a C0
|b TXA
|
| 999 |
f |
f |
|s 1fdc40aa-f7ad-389a-a975-b50bcfcef2ed
|i 1602f4d5-1af4-3ba0-8ee1-b7515d8467b5
|t 0
|
| 952 |
f |
f |
|a Texas A&M University
|b College Station
|c Electronic Resources
|d Available Online
|t 0
|e HH 10.9:W 35/4
|g Electronic
|h Superintendent of Documents classification
|
| 998 |
f |
f |
|a HH 10.9:W 35/4
|t 0
|l Available Online
|